| 000 | 01918nam a2200217Ia 4500 | ||
|---|---|---|---|
| 003 | Ost | ||
| 005 | 20260507075716.0 | ||
| 008 | 260507s9999||||xx |||||||||||||| ||und|| | ||
| 020 | _a9789931602712 | ||
| 040 | _cfsecg | ||
| 041 | _aara | ||
| 082 | _a332 | ||
| 100 |
_aباخويا، دريس _eمؤلف |
||
| 245 | 0 |
_aالمالية العامة : _bالنفقات العامة- الايرادات العامة- الميزانية العامة / _c دريس باخويا |
|
| 260 |
_aالجزائر: _bدار الكتاب العربي, _c2018 |
||
| 300 |
_a258 صفحة؛ _bإيضاحات ؛ _c24 سم |
||
| 504 | _aمراجع ص.240 | ||
| 520 | _aتضمنت هذه الدراسة ثلاثة فصول مسبوقة بفصل تمهيدي تضمن الاطار المفاهيمي لعلم المالية العامة، بينما خصص الفصل الأول للنفقات العامة، وفيه تمت دراسة مفهوم النفقات العامة وتقسيماتها، ثم القواعدالعامة للإنفاق العام، فالآثار الاقتصادية للنفقات العامة.بينما تضمن الفصل الثاني للايرادات العامة، وذلك من خلال بيان مفهومها، ثم بيان ايرادات الدولة الاقتصادية، بما في ذلك الضرائب والأحكام المنظمة لها، وصولا للايرادات الاستثنائية من قروض عامة وعمليات الاصدار النقدي الجديد كمصدر لتمويل الميزانية. أما الفصل الثالث والأخير فلقد خصص للميزانية العامة، بدءا ببيان مفهومها، فكيفية اعدادها، ثم اعتمادها، وصولا لمرحلة تنفيذها مع بيان حالات عجزها وكيفية معالجة هذا العجز. | ||
| 653 | _aالمالية العامة | ||
| 942 | _cكتاب | ||
| 999 |
_c45918 _d45918 |
||